000 00642cab a2200205 4500
001 ABS40748
008 090401t1989 xxu||||| |||| 00| 0 eng d
035 _a(Sirsi) u25856
041 _aeng
100 _aLavers, A.P.
245 _aConstruction law in Singapore
260 _c1989
350 _a0
490 _aConstruction Law Journal
_v5(1) 1989, 20-33(14)
520 _aIntroduces construction law in Singapore , under the headings: building contracts , liability for latent damages and professional responsibilities.
650 _aFAR EAST
690 _aBUILDING AND CONSTRUCTION-OVERSEAS
942 _n0
948 _c04/03/1997
999 _c17375
_d17375